Pays jamais conquis depuis 1850 - Statistiques

Statistiques générales
  • Ce quiz a été pris 21 944 fois
  • Le résultat moyen est 14 sur 26
Statistiques - réponses
Depuis Pays % Correct
1781 Etats-Unis
90%
1066 Royaume-Uni
84%
1480 Russie
80%
1822 Brésil
78%
1814 Espagne
75%
1816 Argentine
73%
1808 Portugal
72%
1815 Suisse
68%
1818 Chili
66%
1819 Colombie
64%
1523 Suède
64%
1839 Pérou
61%
1828 Uruguay
61%
1830 Venezuela
59%
1825 Bolivie
58%
1830 Équateur
52%
1243 Turquie
52%
1813 Andorre
39%
1838 Costa Rica
35%
1838 Guatemala
33%
1815 Liechtenstein
31%
1243 Saint-Marin
31%
1847 Liberia
24%
1768 Népal
20%
1634 Bhoutan
17%
1743 Oman
13%
Aucun quiz correspondant
Distribution des résultats
% des personnes avec chaque résultat
Percentile par nombre de réponses
Votre historique - résultats
Vous n’avez pas pris ce quiz